00678 2200265 4500001002100000005001700021008004100038020001800079035002400097082001100121090001800132100002200150245005900172260002800231300002600259500003000285650001100315700001400326850001200340980001300352985000600365986001200371999001500383999001400398YOGYA-0209000001939220090227022956.0 ind  a979-695-767-1 0010-020900000019392 a618.88 a618.88bKus K aKUSUMARYANTO, C.B aKontroversi aborsicC.B Kusumaryanto; Editor S. Darwin aJakartabGrasindoc2002 axviii, 226 hlmc20 cm aBibliografi: hlm. 221-225 aAborsi aDarwin, S aYOPDYOG a18-03-06 a2 aPKL-ATM a03P0001856 a03P001855